|
|
|
|
| LEADER |
00000nab a2200000 ar4500 |
| 001 |
vtls008297461 |
| 003 |
SK-MaSNL |
| 005 |
20260303094738.0 |
| 008 |
160322c20050906xo dr|p|||||||000 b|slo |
| 015 |
|
|
|a SNBRB2005/09
|2 snkbucl
|
| 038 |
|
|
|a SNKBUCL
|
| 040 |
|
|
|a SNKBUCL
|b slo
|c SNKBUCL
|e AACR2
|
| 041 |
0 |
|
|a slo
|
| 044 |
|
|
|a xo
|c SK
|
| 080 |
|
|
|a 796.812.071
|2 UDC-MRF-SK2
|
| 080 |
|
|
|a 929 Beständigová, Oľga
|2 UDC-MRF-SK2
|
| 100 |
1 |
|
|a Pňačeková, Alžbeta
|4 aut
|9 19821
|
| 245 |
1 |
0 |
|a Srdce jej nedovolilo odísť
|b Oľga Beständigová, hoci s novým partnerom, chce ísť na olympiádu do Turína
|c Alžbeta Pňačeková
|
| 300 |
|
|
|b Fotogr.
|
| 600 |
1 |
7 |
|a Beständigová, Oľga,
|d 1979-
|2 snkbucl
|9 200898
|
| 650 |
0 |
7 |
|a krasokorčuľovanie
|2 snkbucl
|9 3255
|
| 773 |
0 |
|
|t Šport
|g Roč. 59, č. 206 (6.9.2005), s. 24
|x 0139-7001
|
| 852 |
|
|
|a SNK
|b KIS3GCP
|
| 958 |
|
|
|a BX
|
| 999 |
|
|
|c 1822331
|d 1824261
|